| 000 | 01286nam a22002057a 4500 | ||
|---|---|---|---|
| 003 | OSt | ||
| 005 | 20201016135333.0 | ||
| 008 | 201008b 2014 a 00| 0 eng d | ||
| 020 | _a9789945004380 | ||
| 040 |
_aDO-SdBNP _bspa _cBNPHU |
||
| 100 | 1 |
_aVega, Odalis , _d1987- _976808 |
|
| 245 |
_aCrimen de un periodista : _blo que nunca se supo... _cOdalis Marcelino Encarnación Vega , prólogo Silvio Herasme Peña |
||
| 260 |
_aSanto Domingo : _bConadex SRL _c2014 |
||
| 300 |
_a157 p. : _bil., retrs. _c22 cm. |
||
| 500 | _aIncluye datos biográficos del autor en la contracubierta. | ||
| 504 | _aBibliografía : p. 157 | ||
| 505 |
_aNota preliminar -- _tA la memoria -- _tPresentación -- _tSalutación -- _tPrólogo -- _tPrefacio -- _tAntecedentes -- _tIngreso a los medios -- _tEl ascenso -- _tNoviazgo -- _tTrabajo periodísticos -- _tEl inicio del fin -- _tLlegó la hora -- _tLa muerte se acerca -- _tEl martirio -- _tEl último adiós -- _tLa comisión -- _tConmoción nacional -- _tLa impresión la mató -- _t¿Por qué mataron a Marcelino? -- _t¿Quien era el Canillita? -- _tLa noticia _tHistoria del Club Marcelino Vega -- _tIn memorian a Marcelino Vega -- _tCronología de lo hechos -- _tApéndices -- _tBibliografía -- |
||
| 700 |
_aHerasme Peña, Silvio, _e prólogo _949757 |
||
| 942 |
_2ddc _cLF1 |
||
| 999 |
_c48848 _d48848 |
||